00972nam a2200145 a 450000100100000000500170001000800410002704000250006808200150009311100580010824500670016626000680023330000350030150504900033600003206620200930063412.0110712s2000 dr a 000 0 spa d aDO-SdBNPbspacBNPHU axxxxbM2942 aJornada Estudiantild(2000, oct. 27 :cSanto Domingo)10aManual Teórico-práctico el estudiante exitoso y saludable. aSanto Domingo :bCentro Profesional Psicólogos Unidos,c2000. a30 p. :bil. , retr. ;c28 cm.0 tLa motivación en el rendimiento escolar /rLuis Vergés ;tLa concentración: factor clave de éxito escolar /rAlexis Rodríguez ;tAutoestima y rendimiento escolar /rFrancisco Javier Burgos Abreu ;tHábitos y métodos de estudio /rPuro C. Blanco ;tProyecto de vida /rPuro C. Blanco ;tLos valores humanos en el rendimiento escolar /rDaniel Pérez Quiróz ;tLa salud y el desarrollo de la personalidad /rMilagros Peralta ;tLa efectividad en las aulas /rRosa Ariza.